Nerovnosti kvality života domácností Slovenskej republiky z pohľadu ich spotreby

Pojem kvalita života. Kvalita života a spotreba domácností. Príjmová diferenciácia v SR. Miera rizika chudoby. Nerovnosti v spotrebe domácností SR. Kvalita života a jej regionálne rozdiely.

Salvato in:
Dettagli Bibliografici
Autore principale: Holková, Vieroslava
Altri autori: Laluha, Ivan
Natura: Capitolo di libro
Lingua:slovacco
Soggetti:
Tags: Aggiungi Tag
Nessun Tag, puoi essere il primo ad aggiungerne!!

MARC

LEADER 00000naa$a2200000$$$4500
001 0111058
005 20240502072228.4
041 0 |a slo 
044 |a SK 
245 1 0 |a Nerovnosti kvality života domácností Slovenskej republiky z pohľadu ich spotreby  |c Vieroslava Holková, Ivan Laluha 
520 |a Pojem kvalita života. Kvalita života a spotreba domácností. Príjmová diferenciácia v SR. Miera rizika chudoby. Nerovnosti v spotrebe domácností SR. Kvalita života a jej regionálne rozdiely. 
610 2 0 |a Slovensko 
610 2 0 |a úroveň životná 
610 2 0 |a kvalita života 
610 2 0 |a príjmy obyvateľstva 
610 2 0 |a spotreba domácností 
610 2 0 |a diferenciácia regionálna 
100 1 |a Holková, Vieroslava 
700 1 |a Laluha, Ivan